Essential on war for business / (Record no. 90193)

MARC details
000 -LEADER
fixed length control field 00569nam a22001817a 4500
005 - DATE AND TIME OF LATEST TRANSACTION
control field 20150102122504.0
010 ## - LCCN (DPL NO)
LC control number ENG-111310
020 ## - INTERNATIONAL STANDARD BOOK NUMBER
International Standard Book Number 9789350098615
Terms of availability 199.00
035 ## - SYSTEM CONTROL NUMBER
System control number EN-94842
037 ## - SOURCE OF ACQUISITION
Source of stock number/acquisition DBAD/PUB
100 ## - MAIN ENTRY--PERSONAL NAME
Personal name Clausewitz, Carl Von
245 ## - TITLE STATEMENT
Title Essential on war for business /
Statement of responsibility, etc by Carl Von Clausewitz ; edited by Pritsikha Anil
260 ## - PUBLICATION, DISTRIBUTION, ETC. (IMPRINT)
Place of publication, distribution, etc Gurgaon
Name of publisher, distributor, etc Hachette Book
Date of publication, distribution, etc 2014
270 ## - ADDRESS
Address 4th/5th Floor, Corporate Center, Plot No.94, Sector 44
City Gurgaon
Postal code 122003
300 ## - PHYSICAL DESCRIPTION
Extent xv, 120p.
Dimensions 22cm(pbk)
700 ## - ADDED ENTRY--PERSONAL NAME
Personal name Pritsikha Anil
942 ## - ADDED ENTRY ELEMENTS (KOHA)
Source of classification or shelving scheme Dewey Decimal Classification
Item type English Books
Call number suffix CLA
Holdings
Withdrawn status Lost status Not for loan Collection code Home library Current library Date acquired Source of acquisition Cost, normal purchase price Full call number Barcode Copy number Cost, replacement price Koha item type
      Non-fiction Bawana Bawana 20/11/2014 DBAD/PUB 199.00 651.7 CLA EN-94842 1 199.00 English Books

© Delhi Public Library
Hit Counter
free hit counter